Statistics for Famous Boxers

Click here to take the quiz!

General Stats

  • This quiz has been taken 6,843 times
  • The average score is 13 of 24

Answer Stats

# Description Boxer % Correct
1He danced like a butterfly and stung like a beeMuhammed Ali
99%
2Ear-biterMike Tyson
98%
3Person whose ear was bitEvander Holyfield
82%
5Heavyweight champ at age 45George Foreman
77%
10Undefeated welterweight known as "Money"Floyd Mayweather
76%
7Boxers known as "Sugar Ray"Sugar Ray Leonard
74%
11Filipino who battled #10Manny Pacquiao
74%
6"Thrilla in Manila" loserJoe Frazier
68%
8Boxers known as "Sugar Ray"Sugar Ray Robinson
65%
1349-0 Italian-American heavyweightRocky Marciano
61%
12British boxer; The last undisputed heavyweight champLennox Lewis
58%
9Detroit's "Brown Bomber"Joe Louis
52%
4First person to beat #2Buster Douglas
46%
20Mexican-American "Golden Boy". Champion in 6 weight classesOscar De La Hoya
43%
19Mayor of Kiev. He was never knocked downVitali Klitschko
42%
22He was called "The Hitman"Thomas Hearns
34%
15First African-American heavyweight champJack Johnson
33%
14Won titles at 154 lbs through heavyweight. Robbed at the 1988 OlympicsRoy Jones Jr.
31%
16These two had the "Fight of the Century" in the 1920'sJack Dempsey
26%
18Defeated #1 and broke his jaw. Father of an NFL playerKen Norton
26%
21Panamanian lightweight with 103 winsRoberto Durán
26%
23Defended the heavyweight title 20 times between 1978 and 1985Larry Holmes
25%
24Mexican boxer who started his career 87-0Julio César Chávez
25%
17These two had the "Fight of the Century" in the 1920'sGene Tunney
13%

Score Distribution

Percentile by Number Answered

Percent of People with Each Score

Your Score History

You have not taken this quiz